[Event "European Online Club-ch-H 2021"]
[Site "Online"]
[Date "2021.03.27"]
[Round "4.18"]
[White "Asadli, Vugar"]
[Black "Braun, Arik"]
[Result "0-1"]
[WhiteElo "2572"]
[BlackElo "2609"]
[Annotator "ChessBase"]
[PlyCount "114"]
[EventDate "2021.03.27"]
[EventType "team-tourn"]
[EventCountry "NET"]
[SourceTitle "playchess.com"]
[Source "ChessBase"]
[SourceQuality "1"]
[TimeControl "900+5"]

1. e4 {[%emt 0:00:00]} c6 {[%emt 0:00:02]} 2. d4 {[%emt 0:00:03]} d5 {[%emt 0:00:01]} 3. exd5 {[%emt 0:00:08]} cxd5 {[%emt 0:00:02]} 4. Bd3 {[%emt 0:00:01]} Nc6 {[%emt 0:00:01]} 5. c3 {[%emt 0:00:03]} Nf6 {[%emt 0:00:02]} 6. Bf4 {[%emt 0:00:07]} Bg4 {[%emt 0:00:02]} 7. Qb3 {[%emt 0:00:08]} Na5 {[%emt 0:00:04]} 8. Qa4+ {[%emt 0:00:10]} Bd7 {[%emt 0:00:02]} 9. Qc2 {[%emt 0:00:05]} Qb6 {[%emt 0:00:02]} 10. Qe2 {[%emt 0:02:28]} Bg4 {[%emt 0:00:05]} 11. f3 {[%emt 0:00:27]} Bd7 {[%emt 0:00:03]} 12. Nh3 {[%emt 0:00:28]} Bxh3 {[%emt 0:00:12]} 13. gxh3 {[%emt 0:00:02]} e6 {[%emt 0:00:15]} 14. Rg1 {[%emt 0:00:25]} Nc6 {[%emt 0:00:58]} 15. a4 {[%emt 0:00:21]} a6 {[%emt 0:00:27]} 16. Kf1 {[%emt 0:00:30]} Nh5 {[%emt 0:00:29]} 17. Bg3 {[%emt 0:00:43]} g6 {[%emt 0:00:18]} 18. f4 {[%emt 0:00:27]} Bd6 {[%emt 0:00:33]} 19. f5 {[%emt 0:00:29]} Nxg3+ {[%emt 0:00:06]} 20. hxg3 {[%emt 0:00:02]} gxf5 {[%emt 0:00:05]} 21. Bxf5 {[%emt 0:00:01]} O-O-O {[%emt 0:00:04]} 22. Bd3 {[%emt 0:00:04]} Kb8 {[%emt 0:00:13]} 23. a5 {[%emt 0:00:01]} Nxa5 {[%emt 0:00:13]} 24. b4 {[%emt 0:00:02]} Nb3 {[%emt 0:00:24]} 25. Ra3 {[%emt 0:00:06]} Nc1 {[%emt 0:00:03]} 26. Qd2 {[%emt 0:00:01]} Nxd3 {[%emt 0:00:03]} 27. Qxd3 {[%emt 0:00:00]} Rhg8 {[%emt 0:00:28]} 28. Nd2 {[%emt 0:00:02]} Rg6 {[%emt 0:00:04]} 29. g4 {[%emt 0:00:08]} f5 {[%emt 0:01:20]} 30. g5 {[%emt 0:00:13]} h6 {[%emt 0:00:28]} 31. h4 {[%emt 0:00:02]} hxg5 {[%emt 0:00:04]} 32. hxg5 {[%emt 0:00:01]} Rh8 {[%emt 0:00:04]} 33. Nf3 {[%emt 0:00:10]} Bf4 {[%emt 0:00:11]} 34. Ra2 {[%emt 0:00:07]} Rh3 {[%emt 0:00:24]} 35. Rf2 {[%emt 0:01:02]} Qc7 {[%emt 0:00:24]} 36. Ke2 {[%emt 0:00:33]} Rxg5 {[%emt 0:00:32]} 37. Rxg5 {[%emt 0:00:03]} Bxg5 {[%emt 0:00:03]} 38. b5 {[%emt 0:00:01]} a5 {[%emt 0:00:18]} 39. Rg2 {[%emt 0:00:03]} Bf4 {[%emt 0:00:36]} 40. Rg6 {[%emt 0:00:02]} Qf7 {[%emt 0:00:37]} 41. Rg2 {[%emt 0:00:02]} Ka7 {[%emt 0:00:33]} 42. c4 {[%emt 0:00:02]} dxc4 {[%emt 0:00:35]} 43. b6+ {[%emt 0:00:12]} Kxb6 {[%emt 0:00:22]} 44. Qxc4 {[%emt 0:00:08]} Qc7 {[%emt 0:00:19]} 45. Qxe6+ {[%emt 0:00:02]} Ka7 {[%emt 0:00:02]} 46. Qb3 {[%emt 0:00:12]} Qc6 {[%emt 0:00:34]} 47. d5 {[%emt 0:00:04]} Qa6+ {[%emt 0:00:09]} 48. Kf2 {[%emt 0:00:01]} a4 {[%emt 0:00:11]} 49. Qb4 {[%emt 0:00:04]} Bd6 {[%emt 0:00:10]} 50. Qd4+ {[%emt 0:00:03]} Qb6 {[%emt 0:00:08]} 51. Qxb6+ {[%emt 0:00:03]} Kxb6 {[%emt 0:00:01]} 52. Rg8 {[%emt 0:00:01]} a3 {[%emt 0:00:08]} 53. Ra8 {[%emt 0:00:03]} Kb5 {[%emt 0:00:31]} 54. Nd4+ {[%emt 0:00:02]} Kc4 {[%emt 0:00:01]} 55. Nxf5 {[%emt 0:00:03]} Bc5+ {[%emt 0:00:03]} 56. Ke2 {[%emt 0:00:01]} Kxd5 {[%emt 0:00:05]} 57. Ra5 {[%emt 0:00:07]} b6 {[%emt 0:00:07]} 0-1

[Event "European Online Club-ch-H 2021"]
[Site "Online"]
[Date "2021.03.27"]
[Round "4.19"]
[White "Wagner, Dennis"]
[Black "Suleymanli, Aydin"]
[Result "1-0"]
[WhiteElo "2581"]
[BlackElo "2512"]
[Annotator "ChessBase"]
[PlyCount "87"]
[EventDate "2021.03.27"]
[EventType "team-tourn"]
[EventCountry "NET"]
[SourceTitle "playchess.com"]
[Source "ChessBase"]
[SourceQuality "1"]
[TimeControl "900+5"]

1. e4 {[%emt 0:00:00]} c6 {[%emt 0:00:05]} 2. d4 {[%emt 0:00:03]} d5 {[%emt 0:00:02]} 3. e5 {[%emt 0:00:00]} Bf5 {[%emt 0:00:04]} 4. Nf3 {[%emt 0:00:02]} e6 {[%emt 0:00:04]} 5. Be2 {[%emt 0:00:00]} Ne7 {[%emt 0:00:17]} 6. c3 {[%emt 0:00:05]} h6 {[%emt 0:00:04]} 7. O-O {[%emt 0:00:06]} g5 {[%emt 0:00:16]} 8. a4 {[%emt 0:00:02]} Bg7 {[%emt 0:00:10]} 9. Na3 {[%emt 0:00:06]} O-O {[%emt 0:00:08]} 10. Nc2 {[%emt 0:00:03]} Nd7 {[%emt 0:00:15]} 11. Ne3 {[%emt 0:00:23]} f6 {[%emt 0:00:03]} 12. Nxf5 {[%emt 0:00:08]} Nxf5 {[%emt 0:00:03]} 13. exf6 {[%emt 0:00:11]} Qxf6 {[%emt 0:00:02]} 14. a5 {[%emt 0:00:25]} a6 {[%emt 0:00:28]} 15. Bd3 {[%emt 0:00:05]} Rae8 {[%emt 0:03:20]} 16. Ra4 {[%emt 0:03:45]} c5 {[%emt 0:03:20]} 17. h3 {[%emt 0:00:03]} c4 {[%emt 0:03:01]} 18. Bb1 {[%emt 0:00:35]} Nd6 {[%emt 0:01:08]} 19. Rb4 {[%emt 0:01:47]} Rf7 {[%emt 0:00:25]} 20. Nh2 {[%emt 0:03:38]} e5 {[%emt 0:00:08]} 21. dxe5 {[%emt 0:01:00]} Qxe5 {[%emt 0:01:02]} 22. Bg6 {[%emt 0:00:02]} Qe6 {[%emt 0:00:44]} 23. Bxf7+ {[%emt 0:00:06]} Qxf7 {[%emt 0:00:03]} 24. Re1 {[%emt 0:00:28]} Ne5 {[%emt 0:00:17]} 25. Ng4 {[%emt 0:00:38]} Nd3 {[%emt 0:00:03]} 26. Rxe8+ {[%emt 0:00:01]} Nxe8 {[%emt 0:00:02]} 27. Rb6 {[%emt 0:00:13]} h5 {[%emt 0:00:26]} 28. Nh6+ {[%emt 0:00:19]} Bxh6 {[%emt 0:00:01]} 29. Rxh6 {[%emt 0:00:01]} Qxf2+ {[%emt 0:00:12]} 30. Kh2 {[%emt 0:00:13]} Nf6 {[%emt 0:00:29]} 31. Qf3 {[%emt 0:01:44]} Qxf3 {[%emt 0:00:18]} 32. gxf3 {[%emt 0:00:00]} Kg7 {[%emt 0:00:15]} 33. Bxg5 {[%emt 0:00:03]} Nh7 {[%emt 0:00:04]} 34. Be3 {[%emt 0:00:35]} Nf6 {[%emt 0:00:07]} 35. Bg5 {[%emt 0:00:03]} Nh7 {[%emt 0:00:06]} 36. h4 {[%emt 0:00:05]} Ne5 {[%emt 0:00:20]} 37. Rb6 {[%emt 0:00:13]} Nxf3+ {[%emt 0:00:05]} 38. Kg2 {[%emt 0:00:03]} Nhxg5 {[%emt 0:00:01]} 39. hxg5 {[%emt 0:00:01]} Nxg5 {[%emt 0:00:01]} 40. Rxb7+ {[%emt 0:00:03]} Kf6 {[%emt 0:00:02]} 41. Rb6+ {[%emt 0:00:01]} Ke5 {[%emt 0:00:02]} 42. Rxa6 {[%emt 0:00:01]} Ne6 {[%emt 0:00:01]} 43. Rxe6+ {[%emt 0:00:09]} Kxe6 {[%emt 0:00:02]} 44. a6 {[%emt 0:00:01]} 1-0

[Event "European Online Club-ch-H 2021"]
[Site "Online"]
[Date "2021.03.27"]
[Round "4.20"]
[White "Sadikhov, Ulvi"]
[Black "Buhmann, Rainer"]
[Result "1/2-1/2"]
[WhiteElo "2490"]
[BlackElo "2580"]
[Annotator "ChessBase"]
[PlyCount "127"]
[EventDate "2021.03.27"]
[EventType "team-tourn"]
[EventCountry "NET"]
[SourceTitle "playchess.com"]
[Source "ChessBase"]
[SourceQuality "1"]
[TimeControl "900+5"]

1. e4 {[%emt 0:00:00]} e5 {[%emt 0:00:05]} 2. Nf3 {[%emt 0:00:03]} Nc6 {[%emt 0:00:01]} 3. Bc4 {[%emt 0:00:03]} Nf6 {[%emt 0:00:02]} 4. d3 {[%emt 0:00:01]} Be7 {[%emt 0:00:03]} 5. c3 {[%emt 0:00:04]} O-O {[%emt 0:00:03]} 6. Bb3 {[%emt 0:00:01]} d5 {[%emt 0:00:02]} 7. Nbd2 {[%emt 0:00:39]} Be6 {[%emt 0:00:41]} 8. O-O {[%emt 0:00:28]} Re8 {[%emt 0:01:04]} 9. Re1 {[%emt 0:00:30]} Bf8 {[%emt 0:00:22]} 10. exd5 {[%emt 0:00:57]} Bxd5 {[%emt 0:00:04]} 11. Ne4 {[%emt 0:01:09]} Bxb3 {[%emt 0:03:48]} 12. Nxf6+ {[%emt 0:02:53]} Qxf6 {[%emt 0:00:08]} 13. Qxb3 {[%emt 0:00:09]} Rab8 {[%emt 0:00:21]} 14. Be3 {[%emt 0:00:15]} Bd6 {[%emt 0:00:19]} 15. Rad1 {[%emt 0:00:27]} h6 {[%emt 0:00:40]} 16. Qc4 {[%emt 0:01:33]} Qg6 {[%emt 0:00:21]} 17. Nh4 {[%emt 0:00:43]} Qh5 {[%emt 0:00:38]} 18. Nf3 {[%emt 0:00:03]} a6 {[%emt 0:00:13]} 19. h3 {[%emt 0:00:09]} Qg6 {[%emt 0:00:52]} 20. Nh4 {[%emt 0:00:34]} Qh5 {[%emt 0:00:11]} 21. Nf3 {[%emt 0:00:05]} Rbd8 {[%emt 0:00:17]} 22. b4 {[%emt 0:00:09]} Qg6 {[%emt 0:00:28]} 23. Nh4 {[%emt 0:00:19]} Qe6 {[%emt 0:00:44]} 24. Qxe6 {[%emt 0:00:19]} Rxe6 {[%emt 0:00:02]} 25. g4 {[%emt 0:00:34]} Bf8 {[%emt 0:00:55]} 26. Nf5 {[%emt 0:00:55]} Kh7 {[%emt 0:00:58]} 27. Kf1 {[%emt 0:00:12]} g6 {[%emt 0:00:03]} 28. Ng3 {[%emt 0:00:02]} Ne7 {[%emt 0:00:11]} 29. c4 {[%emt 0:01:33]} b6 {[%emt 0:00:38]} 30. Bc1 {[%emt 0:00:21]} Nc6 {[%emt 0:00:17]} 31. a3 {[%emt 0:00:03]} Red6 {[%emt 0:00:16]} 32. Re3 {[%emt 0:00:06]} Bg7 {[%emt 0:00:08]} 33. Bb2 {[%emt 0:00:22]} Kg8 {[%emt 0:00:11]} 34. Ne4 {[%emt 0:00:17]} R6d7 {[%emt 0:00:02]} 35. Rf3 {[%emt 0:00:03]} Nd4 {[%emt 0:00:12]} 36. Bxd4 {[%emt 0:00:10]} Rxd4 {[%emt 0:00:03]} 37. Ke2 {[%emt 0:00:06]} Kf8 {[%emt 0:00:32]} 38. h4 {[%emt 0:00:15]} Ke7 {[%emt 0:00:03]} 39. h5 {[%emt 0:00:03]} c6 {[%emt 0:00:04]} 40. Rc1 {[%emt 0:01:02]} Ke6 {[%emt 0:00:44]} 41. c5 {[%emt 0:00:10]} b5 {[%emt 0:00:40]} 42. g5 {[%emt 0:00:09]} Ke7 {[%emt 0:00:29]} 43. hxg6 {[%emt 0:00:07]} fxg6 {[%emt 0:00:02]} 44. gxh6 {[%emt 0:00:02]} Bxh6 {[%emt 0:00:01]} 45. Rh1 {[%emt 0:00:02]} Bf4 {[%emt 0:00:08]} 46. Rh7+ {[%emt 0:00:02]} Ke6 {[%emt 0:00:05]} 47. Rc7 {[%emt 0:00:11]} a5 {[%emt 0:00:06]} 48. bxa5 {[%emt 0:00:24]} Ra4 {[%emt 0:00:16]} 49. Rxc6+ {[%emt 0:00:02]} Kd5 {[%emt 0:00:01]} 50. Rxg6 {[%emt 0:00:13]} Rxa5 {[%emt 0:00:14]} 51. c6 {[%emt 0:00:03]} Ra7 {[%emt 0:00:05]} 52. Rh3 {[%emt 0:00:10]} Rc7 {[%emt 0:00:07]} 53. Rh1 {[%emt 0:00:07]} Rxc6 {[%emt 0:00:07]} 54. Rxc6 {[%emt 0:00:02]} Kxc6 {[%emt 0:00:01]} 55. Rb1 {[%emt 0:00:03]} Ra8 {[%emt 0:00:03]} 56. Rb3 {[%emt 0:00:03]} Bh6 {[%emt 0:00:03]} 57. Nc3 {[%emt 0:00:05]} Ra5 {[%emt 0:00:03]} 58. Ne4 {[%emt 0:00:02]} Bf8 {[%emt 0:00:02]} 59. Rc3+ {[%emt 0:00:15]} Kb6 {[%emt 0:00:04]} 60. Nf6 {[%emt 0:00:05]} Bxa3 {[%emt 0:00:11]} 61. Nd7+ {[%emt 0:00:01]} Kb7 {[%emt 0:00:04]} 62. Nxe5 {[%emt 0:00:06]} Bd6 {[%emt 0:00:07]} 63. d4 {[%emt 0:00:06]} b4 {[%emt 0:00:05]} 64. Rb3 {[%emt 0:00:03]} 1/2-1/2

[Event "European Online Club-ch-H 2021"]
[Site "Online"]
[Date "2021.03.27"]
[Round "5.1"]
[White "Mamedov, Rauf"]
[Black "Samani, Yamac"]
[Result "1-0"]
[WhiteElo "2654"]
[BlackElo "2246"]
[Annotator "ChessBase"]
[PlyCount "71"]
[EventDate "2021.03.27"]
[EventType "team-tourn"]
[EventCountry "NET"]
[SourceTitle "playchess.com"]
[Source "ChessBase"]
[SourceQuality "1"]
[TimeControl "900+5"]

1. e4 {[%emt 0:00:00]} c5 {[%emt 0:00:03]} 2. Nf3 {[%emt 0:00:03]} d6 {[%emt 0:00:03]} 3. Nc3 {[%emt 0:00:02]} Nc6 {[%emt 0:00:04]} 4. g3 {[%emt 0:00:02]} g6 {[%emt 0:00:05]} 5. Bg2 {[%emt 0:00:01]} Bg7 {[%emt 0:00:01]} 6. O-O {[%emt 0:00:01]} e5 {[%emt 0:00:26]} 7. a3 {[%emt 0:00:02]} Nge7 {[%emt 0:00:29]} 8. b4 {[%emt 0:00:03]} O-O {[%emt 0:00:37]} 9. Rb1 {[%emt 0:00:03]} b6 {[%emt 0:00:17]} 10. d3 {[%emt 0:00:02]} h6 {[%emt 0:00:05]} 11. Nd2 {[%emt 0:00:16]} Be6 {[%emt 0:01:50]} 12. Nd5 {[%emt 0:00:04]} Rc8 {[%emt 0:00:46]} 13. Nc4 {[%emt 0:00:10]} f5 {[%emt 0:00:36]} 14. b5 {[%emt 0:00:54]} Nb8 {[%emt 0:00:11]} 15. a4 {[%emt 0:00:09]} g5 {[%emt 0:00:52]} 16. Nxe7+ {[%emt 0:00:12]} Qxe7 {[%emt 0:00:03]} 17. exf5 {[%emt 0:00:00]} Rxf5 {[%emt 0:00:32]} 18. a5 {[%emt 0:00:03]} Nd7 {[%emt 0:00:36]} 19. axb6 {[%emt 0:00:10]} axb6 {[%emt 0:00:02]} 20. Ra1 {[%emt 0:00:03]} e4 {[%emt 0:01:05]} 21. Ra7 {[%emt 0:00:13]} Bxc4 {[%emt 0:00:15]} 22. dxc4 {[%emt 0:00:02]} Qe6 {[%emt 0:01:46]} 23. Re1 {[%emt 0:00:11]} Bd4 {[%emt 0:00:19]} 24. Rxe4 {[%emt 0:00:14]} Bxf2+ {[%emt 0:00:45]} 25. Kh1 {[%emt 0:00:13]} Ne5 {[%emt 0:00:44]} 26. Bb2 {[%emt 0:00:51]} Kh8 {[%emt 0:00:37]} 27. Bh3 {[%emt 0:00:47]} Rcf8 {[%emt 0:00:10]} 28. Qd5 {[%emt 0:03:07]} Qxd5 {[%emt 0:02:05]} 29. cxd5 {[%emt 0:00:03]} R8f7 {[%emt 0:01:01]} 30. Rxf7 {[%emt 0:02:35]} Rxf7 {[%emt 0:00:03]} 31. Bxe5+ {[%emt 0:00:01]} dxe5 {[%emt 0:00:01]} 32. c3 {[%emt 0:00:01]} c4 {[%emt 0:00:25]} 33. d6 {[%emt 0:00:06]} Rf8 {[%emt 0:00:40]} 34. d7 {[%emt 0:00:05]} Bc5 {[%emt 0:00:08]} 35. Rxe5 {[%emt 0:00:03]} Kg7 {[%emt 0:00:04]} 36. Re8 {[%emt 0:00:03]} 1-0

[Event "European Online Club-ch-H 2021"]
[Site "Online"]
[Date "2021.03.27"]
[Round "5.2"]
[White "Agdelen, Huseyin Can"]
[Black "Suleymanli, Aydin"]
[Result "0-1"]
[WhiteElo "2206"]
[BlackElo "2512"]
[Annotator "ChessBase"]
[PlyCount "72"]
[EventDate "2021.03.27"]
[EventType "team-tourn"]
[EventCountry "NET"]
[SourceTitle "playchess.com"]
[Source "ChessBase"]
[SourceQuality "1"]
[TimeControl "900+5"]

1. e4 {[%emt 0:00:00]} c6 {[%emt 0:00:02]} 2. d4 {[%emt 0:00:20]} d5 {[%emt 0:00:03]} 3. e5 {[%emt 0:00:01]} Bf5 {[%emt 0:00:03]} 4. h4 {[%emt 0:00:02]} h6 {[%emt 0:00:04]} 5. g4 {[%emt 0:00:32]} Bd7 {[%emt 0:00:02]} 6. Nc3 {[%emt 0:01:21]} e6 {[%emt 0:00:13]} 7. Nf3 {[%emt 0:00:27]} c5 {[%emt 0:00:03]} 8. Be3 {[%emt 0:00:04]} Qb6 {[%emt 0:00:21]} 9. Qd2 {[%emt 0:00:10]} h5 {[%emt 0:00:36]} 10. gxh5 {[%emt 0:00:37]} Na6 {[%emt 0:00:56]} 11. Rg1 {[%emt 0:01:57]} Nh6 {[%emt 0:00:21]} 12. dxc5 {[%emt 0:01:26]} Nxc5 {[%emt 0:02:12]} 13. Nd4 {[%emt 0:00:08]} a6 {[%emt 0:00:33]} 14. O-O-O {[%emt 0:00:26]} Rc8 {[%emt 0:00:13]} 15. Bh3 {[%emt 0:00:28]} Qc7 {[%emt 0:00:18]} 16. Nb3 {[%emt 0:03:19]} Na4 {[%emt 0:01:19]} 17. Nxa4 {[%emt 0:00:27]} Bxa4 {[%emt 0:00:05]} 18. Kb1 {[%emt 0:00:02]} Ng8 {[%emt 0:00:23]} 19. Rg4 {[%emt 0:00:24]} Bd7 {[%emt 0:00:59]} 20. c4 {[%emt 0:00:07]} Rxh5 {[%emt 0:00:34]} 21. cxd5 {[%emt 0:01:06]} exd5 {[%emt 0:00:35]} 22. Qxd5 {[%emt 0:00:01]} Be6 {[%emt 0:00:09]} 23. Qd2 {[%emt 0:00:25]} Qxe5 {[%emt 0:02:42]} 24. Rd4 {[%emt 0:00:40]} Be7 {[%emt 0:00:58]} 25. Bf4 {[%emt 0:01:01]} Qf6 {[%emt 0:00:24]} 26. Bxe6 {[%emt 0:00:38]} Qxe6 {[%emt 0:00:47]} 27. Bg3 {[%emt 0:00:11]} Nh6 {[%emt 0:01:28]} 28. Ka1 {[%emt 0:00:11]} Nf5 {[%emt 0:00:07]} 29. Rd3 {[%emt 0:00:06]} Kf8 {[%emt 0:00:09]} 30. Re1 {[%emt 0:00:10]} Qb6 {[%emt 0:00:26]} 31. Rd7 {[%emt 0:00:12]} Re8 {[%emt 0:00:05]} 32. Bc7 {[%emt 0:00:07]} Qc6 {[%emt 0:00:14]} 33. Bd8 {[%emt 0:00:08]} Bd6 {[%emt 0:00:02]} 34. Rxe8+ {[%emt 0:00:23]} Kxe8 {[%emt 0:00:01]} 35. Qe2+ {[%emt 0:00:05]} Kxd7 {[%emt 0:00:03]} 36. Qxh5 {[%emt 0:00:01]} Qh1+ {[%emt 0:00:02]} 0-1

[Event "European Online Club-ch-H 2021"]
[Site "Online"]
[Date "2021.03.27"]
[Round "5.3"]
[White "Sadikhov, Ulvi"]
[Black "Sertbay, Huseyin"]
[Result "1-0"]
[WhiteElo "2490"]
[BlackElo "2101"]
[Annotator "ChessBase"]
[PlyCount "77"]
[EventDate "2021.03.27"]
[EventType "team-tourn"]
[EventCountry "NET"]
[SourceTitle "playchess.com"]
[Source "ChessBase"]
[SourceQuality "1"]
[TimeControl "900+5"]

1. b3 {[%emt 0:00:00]} c5 {[%emt 0:00:22]} 2. Bb2 {[%emt 0:00:03]} Nc6 {[%emt 0:00:01]} 3. g3 {[%emt 0:00:02]} e5 {[%emt 0:00:02]} 4. Bg2 {[%emt 0:00:02]} d6 {[%emt 0:00:01]} 5. e3 {[%emt 0:01:02]} g6 {[%emt 0:00:04]} 6. Ne2 {[%emt 0:00:02]} Bg7 {[%emt 0:00:01]} 7. c4 {[%emt 0:00:28]} Nge7 {[%emt 0:00:04]} 8. O-O {[%emt 0:00:02]} O-O {[%emt 0:00:01]} 9. Nbc3 {[%emt 0:00:08]} Be6 {[%emt 0:01:15]} 10. Nd5 {[%emt 0:00:32]} Rb8 {[%emt 0:00:03]} 11. d3 {[%emt 0:00:19]} b5 {[%emt 0:00:08]} 12. Qd2 {[%emt 0:01:01]} Qd7 {[%emt 0:01:42]} 13. f4 {[%emt 0:00:10]} f5 {[%emt 0:05:21]} 14. Rac1 {[%emt 0:01:00]} b4 {[%emt 0:00:06]} 15. Rcd1 {[%emt 0:01:00]} Bf7 {[%emt 0:00:08]} 16. d4 {[%emt 0:00:29]} cxd4 {[%emt 0:00:26]} 17. exd4 {[%emt 0:01:10]} e4 {[%emt 0:00:02]} 18. Nxe7+ {[%emt 0:00:18]} Qxe7 {[%emt 0:00:32]} 19. d5 {[%emt 0:00:07]} Nd8 {[%emt 0:00:02]} 20. Bxg7 {[%emt 0:00:47]} Kxg7 {[%emt 0:00:01]} 21. Nd4 {[%emt 0:00:03]} Re8 {[%emt 0:00:26]} 22. Rfe1 {[%emt 0:00:03]} Qf6 {[%emt 0:00:08]} 23. Re3 {[%emt 0:00:13]} Nb7 {[%emt 0:00:03]} 24. Nc6 {[%emt 0:00:17]} Nc5 {[%emt 0:00:01]} 25. Nxb4 {[%emt 0:00:25]} Rb6 {[%emt 0:00:55]} 26. Nc6 {[%emt 0:00:10]} a6 {[%emt 0:00:43]} 27. Bf1 {[%emt 0:00:04]} g5 {[%emt 0:00:31]} 28. fxg5 {[%emt 0:00:39]} Qxg5 {[%emt 0:00:02]} 29. Qf2 {[%emt 0:00:02]} Bh5 {[%emt 0:00:10]} 30. Rde1 {[%emt 0:00:52]} Nd7 {[%emt 0:00:35]} 31. Nd4 {[%emt 0:00:14]} Ne5 {[%emt 0:00:04]} 32. Nxf5+ {[%emt 0:01:18]} Kh8 {[%emt 0:00:20]} 33. Rxe4 {[%emt 0:00:27]} Rf8 {[%emt 0:00:05]} 34. Rxe5 {[%emt 0:00:29]} dxe5 {[%emt 0:00:02]} 35. Qxb6 {[%emt 0:00:02]} Qxf5 {[%emt 0:00:10]} 36. Qe3 {[%emt 0:00:08]} Kg8 {[%emt 0:00:44]} 37. Bg2 {[%emt 0:00:18]} Bg6 {[%emt 0:00:40]} 38. d6 {[%emt 0:00:22]} Rd8 {[%emt 0:00:29]} 39. c5 {[%emt 0:00:07]} 1-0

[Event "European Online Club-ch-H 2021"]
[Site "Online"]
[Date "2021.03.27"]
[Round "5.4"]
[White "Atasoy, Ata"]
[Black "Ahmadzada, Ahmad"]
[Result "0-1"]
[WhiteElo "1636"]
[BlackElo "2431"]
[Annotator "NA"]
[PlyCount "102"]
[EventDate "2021.03.27"]
[EventType "team-tourn"]
[EventCountry "NET"]
[SourceTitle "playchess.com"]
[Source "ChessBase"]
[SourceQuality "1"]
[TimeControl "900+5"]

1. e4 {[%emt 0:00:00]} c5 {[%emt 0:00:04]} 2. Nf3 {[%emt 0:00:04]} e6 {[%emt 0:00:02]} 3. d4 {[%emt 0:00:04]} cxd4 {[%emt 0:00:01]} 4. Nxd4 {[%emt 0:00:00]} Nf6 {[%emt 0:00:02]} 5. Nc3 {[%emt 0:00:07]} d6 {[%emt 0:00:02]} 6. Bg5 {[%emt 0:00:09]} Be7 {[%emt 0:00:05]} 7. Qd2 {[%emt 0:00:46]} O-O {[%emt 0:00:29]} 8. O-O-O {[%emt 0:00:16]} a6 {[%emt 0:00:13]} 9. f4 {[%emt 0:01:28]} b5 {[%emt 0:00:47]} 10. Bd3 {[%emt 0:01:16]} Bb7 {[%emt 0:00:21]} 11. e5 {[%emt 0:01:02]} dxe5 {[%emt 0:00:24]} 12. fxe5 {[%emt 0:00:02]} Nfd7 {[%emt 0:00:24]} 13. Bxe7 {[%emt 0:00:54]} Qxe7 {[%emt 0:00:03]} 14. Qf4 {[%emt 0:00:38]} Nc5 {[%emt 0:00:42]} 15. Ne4 {[%emt 0:02:24]} Bxe4 {[%emt 0:02:20]} 16. Bxe4 {[%emt 0:00:04]} Ra7 {[%emt 0:00:03]} 17. Nf3 {[%emt 0:01:49]} Nxe4 {[%emt 0:01:55]} 18. Qxe4 {[%emt 0:00:00]} Rc8 {[%emt 0:00:04]} 19. Rd6 {[%emt 0:01:05]} Rac7 {[%emt 0:00:09]} 20. Rhd1 {[%emt 0:00:34]} h6 {[%emt 0:00:14]} 21. R1d2 {[%emt 0:00:26]} Nc6 {[%emt 0:00:16]} 22. g4 {[%emt 0:00:33]} a5 {[%emt 0:00:33]} 23. h4 {[%emt 0:00:34]} Nb4 {[%emt 0:00:20]} 24. c3 {[%emt 0:00:46]} Nd5 {[%emt 0:00:15]} 25. R2xd5 {[%emt 0:01:46]} exd5 {[%emt 0:00:05]} 26. Qxd5 {[%emt 0:00:00]} b4 {[%emt 0:00:05]} 27. Kd2 {[%emt 0:00:17]} bxc3+ {[%emt 0:00:06]} 28. bxc3 {[%emt 0:00:00]} Rxc3 {[%emt 0:00:15]} 29. Rd7 {[%emt 0:00:01]} R3c5 {[%emt 0:00:30]} 30. Rxe7 {[%emt 0:00:14]} Rxd5+ {[%emt 0:00:03]} 31. Ke3 {[%emt 0:00:02]} Rc3+ {[%emt 0:00:36]} 32. Ke2 {[%emt 0:00:08]} Rb5 {[%emt 0:00:07]} 33. Rd7 {[%emt 0:00:09]} Rb2+ {[%emt 0:00:03]} 34. Nd2 {[%emt 0:00:01]} Rg3 {[%emt 0:00:06]} 35. g5 {[%emt 0:00:06]} hxg5 {[%emt 0:00:04]} 36. hxg5 {[%emt 0:00:00]} Rxg5 {[%emt 0:00:01]} 37. Rd5 {[%emt 0:00:08]} Kh7 {[%emt 0:00:06]} 38. Kf3 {[%emt 0:00:02]} Rxa2 {[%emt 0:00:11]} 39. Ne4 {[%emt 0:00:09]} Rf5+ {[%emt 0:00:08]} 40. Kg4 {[%emt 0:00:02]} g6 {[%emt 0:00:14]} 41. Nf6+ {[%emt 0:00:09]} Kg7 {[%emt 0:00:03]} 42. Ne8+ {[%emt 0:00:07]} Kh6 {[%emt 0:00:05]} 43. Nf6 {[%emt 0:00:05]} Rg2+ {[%emt 0:00:15]} 44. Kh3 {[%emt 0:00:03]} Rg1 {[%emt 0:00:07]} 45. Rd8 {[%emt 0:00:04]} Rxe5 {[%emt 0:00:07]} 46. Rh8+ {[%emt 0:00:07]} Kg7 {[%emt 0:00:04]} 47. Ra8 {[%emt 0:00:08]} Kxf6 {[%emt 0:00:02]} 48. Ra6+ {[%emt 0:00:01]} Kg7 {[%emt 0:00:02]} 49. Kh2 {[%emt 0:00:06]} Rgg5 {[%emt 0:00:03]} 50. Kh3 {[%emt 0:00:02]} Re8 {[%emt 0:00:02]} 51. Kh4 {[%emt 0:00:02]} Rg1 {[%emt 0:00:02]} 0-1

[Event "European Online Club-ch-H 2021"]
[Site "Online"]
[Date "2021.03.27"]
[Round "5.5"]
[White "Nagy, Gabor"]
[Black "Banusz, Tamas"]
[Result "0-1"]
[WhiteElo "2509"]
[BlackElo "2631"]
[Annotator "ChessBase"]
[PlyCount "60"]
[EventDate "2021.03.27"]
[EventType "team-tourn"]
[EventCountry "NET"]
[SourceTitle "playchess.com"]
[Source "ChessBase"]
[SourceQuality "1"]
[TimeControl "900+5"]

1. d4 {[%emt 0:00:00]} d5 {[%emt 0:00:03]} 2. c4 {[%emt 0:00:03]} e6 {[%emt 0:00:02]} 3. Nf3 {[%emt 0:00:02]} Nf6 {[%emt 0:00:02]} 4. Nc3 {[%emt 0:00:02]} dxc4 {[%emt 0:00:02]} 5. e3 {[%emt 0:00:21]} a6 {[%emt 0:00:02]} 6. Bxc4 {[%emt 0:00:05]} b5 {[%emt 0:00:02]} 7. Bb3 {[%emt 0:00:02]} Bb7 {[%emt 0:00:07]} 8. O-O {[%emt 0:00:03]} c5 {[%emt 0:00:05]} 9. e4 {[%emt 0:00:16]} cxd4 {[%emt 0:00:03]} 10. Nxd4 {[%emt 0:00:05]} Nbd7 {[%emt 0:00:04]} 11. Bxe6 {[%emt 0:00:54]} fxe6 {[%emt 0:00:17]} 12. Nxe6 {[%emt 0:00:02]} Qb6 {[%emt 0:00:56]} 13. Nd5 {[%emt 0:00:16]} Bxd5 {[%emt 0:01:03]} 14. exd5 {[%emt 0:00:04]} Kf7 {[%emt 0:00:17]} 15. Re1 {[%emt 0:02:51]} Bd6 {[%emt 0:01:16]} 16. Ng5+ {[%emt 0:00:33]} Kg8 {[%emt 0:00:15]} 17. Re6 {[%emt 0:00:26]} h6 {[%emt 0:03:28]} 18. Nf3 {[%emt 0:02:12]} Nf8 {[%emt 0:00:56]} 19. Re2 {[%emt 0:00:52]} Rd8 {[%emt 0:00:24]} 20. Nd4 {[%emt 0:00:36]} Bc5 {[%emt 0:00:30]} 21. Be3 {[%emt 0:00:55]} Rxd5 {[%emt 0:00:17]} 22. Rd2 {[%emt 0:00:02]} Ng6 {[%emt 0:01:29]} 23. Qc2 {[%emt 0:01:27]} Kh7 {[%emt 0:00:57]} 24. Nf5 {[%emt 0:00:22]} Rxd2 {[%emt 0:01:15]} 25. Bxd2 {[%emt 0:00:04]} Bxf2+ {[%emt 0:00:06]} 26. Kh1 {[%emt 0:00:02]} Re8 {[%emt 0:00:05]} 27. Rf1 {[%emt 0:00:04]} Qc5 {[%emt 0:00:29]} 28. Bc3 {[%emt 0:00:06]} Re1 {[%emt 0:00:37]} 29. Rxe1 {[%emt 0:00:13]} Bxe1 {[%emt 0:00:02]} 30. Nh4 {[%emt 0:00:10]} Bxh4 {[%emt 0:00:03]} 0-1